[Event "Bundesliga 9798"]
[Site "Deutschland"]
[Date "1998.??.??"]
[Round "?.1"]
[White "Dautov, Rustem"]
[Black "Sax, Gyula"]
[Result "1-0"]
[WhiteElo "2595"]
[BlackElo "2570"]
[PlyCount "103"]
[EventDate "1997.10.??"]
[EventType "team"]
[EventRounds "15"]
[EventCountry "GER"]
[SourceTitle "Bundesliga 9798"]
[Source "DeepChess"]
[SourceDate "2005.01.01"]
[SourceVersion "1"]
[SourceVersionDate "2005.01.01"]
[SourceQuality "1"]
[WhiteTeam "SC Anderssen St.Ingbert 1920 e.V."]
[BlackTeam "PSV Turm Duisburg 1920 e.V."]
[WhiteTeamCountry "GER"]
[BlackTeamCountry "GER"]

1. d4 Nf6 2. c4 e6 3. Nf3 b6 4. g3 Ba6 5. b3 Bb4+ 6. Bd2 Be7 7. Bg2 c6 8. Bc3
d5 9. Ne5 Nfd7 10. Nxd7 Nxd7 11. Nd2 O-O 12. O-O Rc8 13. e4 c5 14. exd5 exd5
15. dxc5 dxc4 16. c6 cxb3 17. Re1 b2 18. Bxb2 Nc5 19. Nb3 Nd3 20. Re2 Bb4 21.
Bd4 Nc5 22. Rc2 Bd3 23. Nxc5 Bxc2 24. Qg4 g6 25. Nd7 Bf5 26. Qf4 Bxd7 27. cxd7
Rc4 28. Qe5 Rxd4 29. Qxd4 Qe7 30. Rd1 Rd8 31. Bc6 Bc5 32. Qf4 Kg7 33. h4 h5 34.
Kg2 Qe6 35. Qf3 Qe7 36. Rd2 Qf6 37. Re2 Bd6 38. Re8 Bc7 39. Qxf6+ Kxf6 40. Kf3
Kf5 41. Ke3 a6 42. Kd4 Kf6 43. Kd5 b5 44. Kc5 Ba5 45. Kd6 b4 46. Bb7 Bb6 47.
Bxa6 Ba5 48. Bc4 Bb6 49. Bb3 Ba5 50. f4 Bb6 51. Kc6 Ba5 52. Re5 1-0

[Event "Bundesliga 9798"]
[Site "Deutschland"]
[Date "1998.??.??"]
[Round "?.2"]
[White "Enders, Peter"]
[Black "Giorgadze, Giorgi"]
[Result "0-1"]
[WhiteElo "2535"]
[BlackElo "2625"]
[PlyCount "46"]
[EventDate "1997.10.??"]
[EventType "team"]
[EventRounds "15"]
[EventCountry "GER"]
[SourceTitle "Bundesliga 9798"]
[Source "DeepChess"]
[SourceDate "2005.01.01"]
[SourceVersion "1"]
[SourceVersionDate "2005.01.01"]
[SourceQuality "1"]
[WhiteTeam "PSV Turm Duisburg 1920 e.V."]
[BlackTeam "SC Anderssen St.Ingbert 1920 e.V."]
[WhiteTeamCountry "GER"]
[BlackTeamCountry "GER"]

1. e4 e5 2. Nf3 Nc6 3. Bb5 Nf6 4. O-O Nxe4 5. d4 Nd6 6. Bxc6 dxc6 7. dxe5 Nf5
8. Qxd8+ Kxd8 9. Nc3 Ke8 10. b3 a5 11. Bb2 Bb4 12. h3 h5 13. a3 Bxc3 14. Bxc3
c5 15. Ng5 Rh6 16. g3 Rg6 17. h4 a4 18. Rfb1 Ne7 19. Rb2 Bf5 20. bxa4 Nd5 21.
Be1 Rb6 22. Rb5 Rxb5 23. axb5 Nb4 0-1

[Event "Bundesliga 9798"]
[Site "Deutschland"]
[Date "1998.??.??"]
[Round "?.3"]
[White "Bauer, Christian"]
[Black "Kraut, Rainer"]
[Result "1/2-1/2"]
[WhiteElo "2525"]
[BlackElo "2470"]
[PlyCount "166"]
[EventDate "1997.10.??"]
[EventType "team"]
[EventRounds "15"]
[EventCountry "GER"]
[SourceTitle "Bundesliga 9798"]
[Source "DeepChess"]
[SourceDate "2005.01.01"]
[SourceVersion "1"]
[SourceVersionDate "2005.01.01"]
[SourceQuality "1"]
[WhiteTeam "SC Anderssen St.Ingbert 1920 e.V."]
[BlackTeam "PSV Turm Duisburg 1920 e.V."]
[WhiteTeamCountry "GER"]
[BlackTeamCountry "GER"]

1. e4 c5 2. Nf3 d6 3. d4 cxd4 4. Nxd4 Nf6 5. Nc3 Nc6 6. Bg5 e6 7. Qd2 a6 8.
O-O-O Bd7 9. f4 b5 10. Nf3 b4 11. Nd5 exd5 12. exd5 Ne7 13. Bxf6 gxf6 14. Qxb4
Qc7 15. Bd3 Bg7 16. Rhe1 f5 17. c3 Bf6 18. g4 Rb8 19. Qa3 fxg4 20. Ng5 Bxg5 21.
fxg5 Kf8 22. Rd2 Ng6 23. Rf2 Bb5 24. c4 Bxc4 25. Rc2 Qd8 26. Bxc4 Qxg5+ 27. Kb1
Rd8 28. Qxa6 Ne5 29. Bb3 Kg7 30. Qb6 h5 31. Qd4 h4 32. Rce2 Rc8 33. a3 Rhe8 34.
Ka2 Rb8 35. Bc2 Kh6 36. Rf1 Nf3 37. Qd3 Qg7 38. Ba4 Rxe2 39. Qxe2 Qd4 40. Bb3
Rxb3 41. Kxb3 Nd2+ 42. Kc2 Nxf1 43. Qxf1 Qe4+ 44. Kc3 f5 45. b4 Kg5 46. b5 g3
47. hxg3 hxg3 48. b6 Qxd5 49. Qc4 Qf3+ 50. Qd3 Qxd3+ 51. Kxd3 g2 52. b7 g1=Q
53. b8=Q Qg3+ 54. Ke2 Qxa3 55. Qg8+ Kf4 56. Qc4+ Ke5 57. Qg8 Qb2+ 58. Kd3 Qd4+
59. Kc2 Kf4 60. Qg6 Qf2+ 61. Kc1 Qc5+ 62. Kd2 Qd4+ 63. Ke2 Qe3+ 64. Kd1 Qe5 65.
Kd2 Ke4 66. Qg2+ Kd4 67. Qg1+ Kc4 68. Qf1+ Kc5 69. Qc1+ Kd5 70. Qh1+ Qe4 71.
Qh7 f4 72. Qb7+ Kd4 73. Qa7+ Kc4 74. Qc7+ Kb5 75. Qxd6 Qe3+ 76. Kd1 Kc4 77.
Qc6+ Kd4 78. Qd6+ Ke4 79. Qe6+ Kf3 80. Qh3+ Kf2 81. Qh2+ Kf1 82. Qh1+ Qg1 83.
Qf3+ Qf2 1/2-1/2

[Event "Bundesliga 9798"]
[Site "Deutschland"]
[Date "1998.??.??"]
[Round "?.4"]
[White "Unzicker, Wolfgang"]
[Black "Degraeve, Jean Marc"]
[Result "0-1"]
[WhiteElo "2420"]
[BlackElo "2540"]
[PlyCount "76"]
[EventDate "1997.10.??"]
[EventType "team"]
[EventRounds "15"]
[EventCountry "GER"]
[SourceTitle "Bundesliga 9798"]
[Source "DeepChess"]
[SourceDate "2005.01.01"]
[SourceVersion "1"]
[SourceVersionDate "2005.01.01"]
[SourceQuality "1"]
[WhiteTeam "PSV Turm Duisburg 1920 e.V."]
[BlackTeam "SC Anderssen St.Ingbert 1920 e.V."]
[WhiteTeamCountry "GER"]
[BlackTeamCountry "GER"]

1. e4 c5 2. Nf3 Nc6 3. d4 cxd4 4. Nxd4 Nf6 5. Nc3 e5 6. Ndb5 d6 7. Bg5 a6 8.
Na3 b5 9. Nd5 Be7 10. Bxf6 Bxf6 11. c3 O-O 12. Nc2 Rb8 13. Be2 Bg5 14. O-O a5
15. b4 Bd7 16. a4 bxa4 17. b5 Ne7 18. Nxe7+ Qxe7 19. c4 f5 20. exf5 Bxf5 21.
Rxa4 Qc7 22. Bd3 Qb6 23. Ra3 e4 24. Be2 Kh8 25. Qd4 Bd8 26. Qd2 Qc5 27. Qd4
Qxd4 28. Nxd4 Bb6 29. Nc2 Ra8 30. Ne3 Be6 31. Ra2 Ra7 32. Re1 a4 33. Bf1 a3 34.
g3 Ra4 35. Bg2 Bxc4 36. Nxc4 Rxc4 37. Rxe4 Rxe4 38. Bxe4 Rxf2 0-1

[Event "Bundesliga 9798"]
[Site "Deutschland"]
[Date "1998.??.??"]
[Round "?.6"]
[White "Pirrot, Dieter"]
[Black "Werner, Dimo"]
[Result "1-0"]
[WhiteElo "2410"]
[BlackElo "2420"]
[PlyCount "69"]
[EventDate "1997.10.??"]
[EventType "team"]
[EventRounds "15"]
[EventCountry "GER"]
[SourceTitle "Bundesliga 9798"]
[Source "DeepChess"]
[SourceDate "2005.01.01"]
[SourceVersion "1"]
[SourceVersionDate "2005.01.01"]
[SourceQuality "1"]
[WhiteTeam "PSV Turm Duisburg 1920 e.V."]
[BlackTeam "SC Anderssen St.Ingbert 1920 e.V."]
[WhiteTeamCountry "GER"]
[BlackTeamCountry "GER"]

1. e4 g6 2. d4 c6 3. Nc3 d5 4. e5 Bg7 5. f4 h5 6. Be3 Nh6 7. Nf3 Nd7 8. Bd3 Nf8
9. Nh4 Nf5 10. Nxf5 Bxf5 11. Bxf5 gxf5 12. Qd3 e6 13. O-O Qe7 14. a4 Nd7 15. a5
Rg8 16. Rf3 Bh6 17. Ne2 h4 18. c4 Nb8 19. Bd2 Na6 20. cxd5 cxd5 21. Rc1 Qd7 22.
Qb3 Bf8 23. Rc2 Be7 24. Be1 Kf8 25. Kh1 Kg7 26. Rh3 Rh8 27. Ng1 Rac8 28. Rcc3
Nb8 29. Rcg3+ Kf8 30. Bb4 Rc4 31. Bxe7+ Qxe7 32. Rc3 Rxd4 33. Rc8+ Kg7 34. Rg3+
Kh7 35. Qf3 1-0

[Event "Bundesliga 9798"]
[Site "Deutschland"]
[Date "1998.??.??"]
[Round "?.7"]
[White "Ristic, Nenad"]
[Black "Zude, Arno"]
[Result "0-1"]
[WhiteElo "2420"]
[BlackElo "2395"]
[PlyCount "108"]
[EventDate "1997.10.??"]
[EventType "team"]
[EventRounds "15"]
[EventCountry "GER"]
[SourceTitle "Bundesliga 9798"]
[Source "DeepChess"]
[SourceDate "2005.01.01"]
[SourceVersion "1"]
[SourceVersionDate "2005.01.01"]
[SourceQuality "1"]
[WhiteTeam "SC Anderssen St.Ingbert 1920 e.V."]
[BlackTeam "PSV Turm Duisburg 1920 e.V."]
[WhiteTeamCountry "GER"]
[BlackTeamCountry "GER"]

1. e4 e5 2. Nf3 Nc6 3. Bb5 a6 4. Bxc6 dxc6 5. O-O f6 6. d4 Bg4 7. c3 Bd6 8. Be3
Qe7 9. Nbd2 O-O-O 10. Qc2 h5 11. b4 exd4 12. Nxd4 Nh6 13. Rfe1 Bd7 14. Bxh6
gxh6 15. Nc4 Bf4 16. Ne2 Bd6 17. Nxd6+ cxd6 18. Nf4 Be8 19. a4 Rg8 20. c4 Rg4
21. Qd2 Qe5 22. g3 Bd7 23. b5 Rdg8 24. bxa6 bxa6 25. Kh1 h4 26. f3 R4g7 27.
gxh4 c5 28. Rab1 Bc6 29. a5 f5 30. Rb6 Bxe4 31. Rb3 Rg4 32. fxe4 Qxe4+ 33. Ng2
Rxg2 34. Rb8+ Kd7 35. Rxg8 Rxd2+ 36. Rxe4 fxe4 37. Rg7+ Ke6 38. Rg6+ Ke5 39.
Rxh6 e3 40. Rh8 Rc2 41. Re8+ Kf4 42. h5 Rxc4 43. h6 Re4 44. Rxe4+ Kxe4 45. Kg2
Kd3 46. h7 e2 47. h8=Q e1=Q 48. Qd8 Qe4+ 49. Kg1 Qg4+ 50. Kh1 Ke3 51. h4 Kf2
52. Qf6+ Qf3+ 53. Qxf3+ Kxf3 54. Kg1 Kg4 0-1

[Event "Bundesliga 9798"]
[Site "Deutschland"]
[Date "1998.??.??"]
[Round "?.8"]
[White "Prang, Edgar"]
[Black "Kummerow, Heiko"]
[Result "0-1"]
[WhiteElo "2325"]
[BlackElo "2300"]
[PlyCount "60"]
[EventDate "1997.10.??"]
[EventType "team"]
[EventRounds "15"]
[EventCountry "GER"]
[SourceTitle "Bundesliga 9798"]
[Source "DeepChess"]
[SourceDate "2005.01.01"]
[SourceVersion "1"]
[SourceVersionDate "2005.01.01"]
[SourceQuality "1"]
[WhiteTeam "PSV Turm Duisburg 1920 e.V."]
[BlackTeam "SC Anderssen St.Ingbert 1920 e.V."]
[WhiteTeamCountry "GER"]
[BlackTeamCountry "GER"]

1. d4 Nf6 2. g3 g6 3. Bg2 Bg7 4. c4 O-O 5. Nc3 d6 6. e4 e5 7. Nge2 Nc6 8. d5
Nd4 9. O-O c5 10. dxc6 bxc6 11. Nxd4 exd4 12. Ne2 Ng4 13. Nxd4 Ne5 14. Kh1 Qb6
15. c5 dxc5 16. Nb3 Ba6 17. Be3 Bxf1 18. Qxf1 Rfd8 19. Bxc5 Qb5 20. f4 Nd3 21.
e5 Nxc5 22. Qxb5 cxb5 23. Nxc5 Rac8 24. b4 Bf8 25. Rc1 a5 26. a3 axb4 27. axb4
Rd4 28. Bh3 Rc7 29. e6 Rxb4 30. exf7+ Kxf7 0-1

[Event "Bundesliga 9798"]
[Site "Deutschland"]
[Date "1997.??.??"]
[Round "?.1"]
[White "Sax, Gyula"]
[Black "Movsesian, Sergei"]
[Result "1-0"]
[WhiteElo "2570"]
[BlackElo "2555"]
[PlyCount "109"]
[EventDate "1997.10.??"]
[EventType "team"]
[EventRounds "15"]
[EventCountry "GER"]
[SourceTitle "Bundesliga 9798"]
[Source "DeepChess"]
[SourceDate "2005.01.01"]
[SourceVersion "1"]
[SourceVersionDate "2005.01.01"]
[SourceQuality "1"]
[WhiteTeam "PSV Turm Duisburg 1920 e.V."]
[BlackTeam "SF Neukoelln 03 e.V."]
[WhiteTeamCountry "GER"]
[BlackTeamCountry "GER"]

1. e4 c5 2. Nf3 Nc6 3. d4 cxd4 4. Nxd4 Qc7 5. Nc3 e6 6. Be3 a6 7. f4 b5 8. Bd3
Bb7 9. Nb3 Nf6 10. O-O d6 11. Qf3 Be7 12. Qh3 O-O 13. g4 b4 14. g5 Nd7 15. Nd5
exd5 16. exd5 g6 17. dxc6 Qxc6 18. Na5 Qh1+ 19. Kf2 Qd5 20. Nxb7 Qxb7 21. Rae1
Rfe8 22. Qf3 d5 23. Bc4 Nb6 24. Bb3 Rac8 25. Bxb6 Qxb6+ 26. Kg2 Qb5 27. Re5 Bf8
28. Qxd5 Qxd5+ 29. Rxd5 Rc5 30. Rfd1 Re2+ 31. Kf3 Rxh2 32. Rxc5 Bxc5 33. Rd7
Rh1 34. Bxf7+ Kf8 35. Bc4 a5 36. Rc7 Bd4 37. b3 Rh3+ 38. Ke4 Bb6 39. Rb7 Bf2
40. Kd5 Rf3 41. Ke5 Bg3 42. Rf7+ Ke8 43. Ke4 Rf2 44. Ke3 Rxc2 45. Rxh7 Rxa2 46.
Bf7+ Kd8 47. Bxg6 a4 48. Bd3 a3 49. g6 Rg2 50. Kf3 Rg1 51. g7 Bxf4 52. Rh8+ Kc7
53. g8=Q Rxg8 54. Rxg8 a2 55. Ra8 1-0

[Event "Bundesliga 9798"]
[Site "Deutschland"]
[Date "1997.??.??"]
[Round "?.3"]
[White "Kraut, Rainer"]
[Black "Polzin, Rainer"]
[Result "1/2-1/2"]
[WhiteElo "2470"]
[BlackElo "2445"]
[PlyCount "50"]
[EventDate "1997.10.??"]
[EventType "team"]
[EventRounds "15"]
[EventCountry "GER"]
[SourceTitle "Bundesliga 9798"]
[Source "DeepChess"]
[SourceDate "2005.01.01"]
[SourceVersion "1"]
[SourceVersionDate "2005.01.01"]
[SourceQuality "1"]
[WhiteTeam "PSV Turm Duisburg 1920 e.V."]
[BlackTeam "SF Neukoelln 03 e.V."]
[WhiteTeamCountry "GER"]
[BlackTeamCountry "GER"]

1. e4 g6 2. d4 Bg7 3. Nc3 d6 4. Nf3 Nf6 5. h3 O-O 6. Be3 a6 7. a4 b6 8. Bc4 e6
9. O-O Bb7 10. e5 dxe5 11. Nxe5 Nc6 12. Nxc6 Bxc6 13. Qe2 Qc8 14. Rfd1 Qb7 15.
Qf1 Rfd8 16. Rd2 Rd7 17. Rad1 Nd5 18. Nxd5 exd5 19. Bd3 b5 20. axb5 axb5 21. c3
Rdd8 22. Bg5 Re8 23. Re1 b4 24. Rxe8+ Rxe8 25. Re2 Qc8 1/2-1/2

[Event "Bundesliga 9798"]
[Site "Deutschland"]
[Date "1997.??.??"]
[Round "?.4"]
[White "Bunzmann, Dimitrij"]
[Black "Unzicker, Wolfgang"]
[Result "1/2-1/2"]
[WhiteElo "2370"]
[BlackElo "2420"]
[PlyCount "65"]
[EventDate "1997.10.??"]
[EventType "team"]
[EventRounds "15"]
[EventCountry "GER"]
[SourceTitle "Bundesliga 9798"]
[Source "DeepChess"]
[SourceDate "2005.01.01"]
[SourceVersion "1"]
[SourceVersionDate "2005.01.01"]
[SourceQuality "1"]
[WhiteTeam "SF Neukoelln 03 e.V."]
[BlackTeam "PSV Turm Duisburg 1920 e.V."]
[WhiteTeamCountry "GER"]
[BlackTeamCountry "GER"]

1. d4 Nf6 2. Nf3 d5 3. c4 e6 4. e3 c5 5. cxd5 exd5 6. Bb5+ Bd7 7. Be2 Nc6 8.
O-O cxd4 9. Nxd4 Be7 10. Nc3 O-O 11. b3 Rc8 12. Bb2 Nxd4 13. Qxd4 Bc5 14. Qd3
Bc6 15. Rfd1 Qe7 16. Bf3 Rfd8 17. Ne2 Ne4 18. Nd4 Bd7 19. Rac1 a6 20. Rc2 Bd6
21. Rdc1 Rxc2 22. Rxc2 Be5 23. g3 Nf6 24. Qf1 Rc8 25. Rxc8+ Bxc8 26. Qc1 Bd7
27. Ne2 h6 28. Bd4 Bxd4 29. Nxd4 Bh3 30. Qd1 Qc5 31. Ne2 Bg4 32. Bxg4 Nxg4 33.
Qd4 1/2-1/2

[Event "Bundesliga 9798"]
[Site "Deutschland"]
[Date "1997.??.??"]
[Round "?.5"]
[White "Thesing, Matthias"]
[Black "Schoene, Ralf"]
[Result "1/2-1/2"]
[WhiteElo "2440"]
[BlackElo "2435"]
[PlyCount "49"]
[EventDate "1997.10.??"]
[EventType "team"]
[EventRounds "15"]
[EventCountry "GER"]
[SourceTitle "Bundesliga 9798"]
[Source "DeepChess"]
[SourceDate "2005.01.01"]
[SourceVersion "1"]
[SourceVersionDate "2005.01.01"]
[SourceQuality "1"]
[WhiteTeam "PSV Turm Duisburg 1920 e.V."]
[BlackTeam "SF Neukoelln 03 e.V."]
[WhiteTeamCountry "GER"]
[BlackTeamCountry "GER"]

1. Nf3 Nf6 2. c4 g6 3. Nc3 Bg7 4. g3 O-O 5. Bg2 d6 6. O-O a6 7. d4 c6 8. e4 b5
9. e5 Ne8 10. Qe2 bxc4 11. Qxc4 Nc7 12. exd6 exd6 13. Bg5 Qd7 14. Rfe1 d5 15.
Qb3 Ne6 16. Be3 Qa7 17. Na4 Nd7 18. Qc2 Bb7 19. Bh3 f5 20. Ne5 Nxe5 21. dxe5 d4
22. Bd2 c5 23. Qc4 Rfe8 24. Rac1 Rac8 25. Bg2 1/2-1/2

[Event "Bundesliga 9798"]
[Site "Deutschland"]
[Date "1997.??.??"]
[Round "?.7"]
[White "Zude, Arno"]
[Black "Thiede, Lars"]
[Result "0-1"]
[WhiteElo "2395"]
[BlackElo "2335"]
[PlyCount "70"]
[EventDate "1997.10.??"]
[EventType "team"]
[EventRounds "15"]
[EventCountry "GER"]
[SourceTitle "Bundesliga 9798"]
[Source "DeepChess"]
[SourceDate "2005.01.01"]
[SourceVersion "1"]
[SourceVersionDate "2005.01.01"]
[SourceQuality "1"]
[WhiteTeam "PSV Turm Duisburg 1920 e.V."]
[BlackTeam "SF Neukoelln 03 e.V."]
[WhiteTeamCountry "GER"]
[BlackTeamCountry "GER"]

1. e4 g6 2. d4 Bg7 3. Nc3 d6 4. Be3 a6 5. f4 Nd7 6. Nf3 b5 7. a4 b4 8. Nb1 Ngf6
9. Nbd2 Bb7 10. Bd3 O-O 11. h3 c5 12. c3 bxc3 13. bxc3 Qa5 14. O-O Qxc3 15. Qe2
c4 16. Nxc4 Bxe4 17. Bxe4 Nxe4 18. Rfc1 Qb4 19. Qd3 Qb7 20. Na5 Qd5 21. Nc6
Rfe8 22. Nb4 Qb7 23. Rab1 Ndf6 24. d5 e6 25. dxe6 Rxe6 26. f5 Ree8 27. Bd4 Nc5
28. Rxc5 dxc5 29. Bxf6 cxb4 30. Bxg7 Kxg7 31. Qd4+ Kg8 32. fxg6 hxg6 33. Rxb4
Qa7 34. Rb6 Qe7 35. Qd5 Qe3+ 0-1

[Event "Bundesliga 9798"]
[Site "Deutschland"]
[Date "1997.??.??"]
[Round "?.8"]
[White "Schlemermeyer, Wilhelm"]
[Black "Prang, Edgar"]
[Result "0-1"]
[WhiteElo "2310"]
[BlackElo "2325"]
[PlyCount "120"]
[EventDate "1997.10.??"]
[EventType "team"]
[EventRounds "15"]
[EventCountry "GER"]
[SourceTitle "Bundesliga 9798"]
[Source "DeepChess"]
[SourceDate "2005.01.01"]
[SourceVersion "1"]
[SourceVersionDate "2005.01.01"]
[SourceQuality "1"]
[WhiteTeam "SF Neukoelln 03 e.V."]
[BlackTeam "PSV Turm Duisburg 1920 e.V."]
[WhiteTeamCountry "GER"]
[BlackTeamCountry "GER"]

1. c4 e6 2. Nf3 d5 3. b3 Nf6 4. g3 Be7 5. Bg2 O-O 6. O-O b6 7. Bb2 Bb7 8. e3 c5
9. Nc3 dxc4 10. bxc4 Nc6 11. Qe2 Qc7 12. Rfd1 a6 13. Rab1 Rfd8 14. d3 Na7 15.
Ba1 Bc6 16. e4 Rac8 17. e5 Ne8 18. Ne4 Ba4 19. Rd2 Bd7 20. d4 cxd4 21. Bxd4 Rb8
22. Rdb2 b5 23. c5 Bc6 24. Nd6 Bd5 25. Be3 h6 26. Nd4 Bxg2 27. Kxg2 Nc6 28. Nf3
Bf8 29. h4 Qa5 30. Rc1 Qa4 31. Bf4 Nc7 32. Qc2 Nd5 33. Bd2 Qxc2 34. Rcxc2 g6
35. Rc1 Bg7 36. Re1 b4 37. Re4 a5 38. Nc4 Rb5 39. Nd6 Rbb8 40. Nc4 Rd7 41. Nd6
Ra7 42. Rb1 a4 43. Rc4 a3 44. Rb3 Na5 45. Rbxb4 Nxb4 46. Rxb4 Rxb4 47. Bxb4 Nc6
48. Bc3 Kf8 49. Kf1 Ra8 50. Ke2 Ke7 51. Kd3 f6 52. exf6+ Bxf6 53. Bxf6+ Kxf6
54. Kc3 e5 55. Ne4+ Ke6 56. Nfd2 Kd5 57. Kb3 Kd4 58. Kc2 Rb8 59. Nf6 Rb2+ 60.
Kc1 Rxa2 0-1

[Event "Bundesliga 9798"]
[Site "Deutschland"]
[Date "1998.??.??"]
[Round "?.2"]
[White "Enders, Peter"]
[Black "Sadler, Matthew"]
[Result "0-1"]
[WhiteElo "2535"]
[BlackElo "2665"]
[PlyCount "80"]
[EventDate "1997.10.??"]
[EventType "team"]
[EventRounds "15"]
[EventCountry "GER"]
[SourceTitle "Bundesliga 9798"]
[Source "DeepChess"]
[SourceDate "2005.01.01"]
[SourceVersion "1"]
[SourceVersionDate "2005.01.01"]
[SourceQuality "1"]
[WhiteTeam "PSV Turm Duisburg 1920 e.V."]
[BlackTeam "SG 1868 Aljech. Solingen"]
[WhiteTeamCountry "GER"]
[BlackTeamCountry "GER"]

1. e4 Nc6 2. d4 e5 3. d5 Nce7 4. c4 Ng6 5. Nc3 Bb4 6. Nge2 a5 7. Be3 d6 8. a3
Bc5 9. Bxc5 dxc5 10. g3 Nh6 11. Bg2 O-O 12. O-O f5 13. Rb1 f4 14. f3 Nf7 15.
Qc1 Ng5 16. b3 h5 17. Rf2 Qe7 18. Qb2 Ra6 19. gxf4 exf4 20. Qd2 Ne5 21. Kh1 h4
22. Ng1 h3 23. Bf1 Rg6 24. Rd1 b6 25. Nb5 Ng4 26. fxg4 Qxe4+ 27. Nf3 Bxg4 28.
Be2 Bxf3+ 29. Bxf3 Nxf3 30. Qe2 Qxe2 31. Rxe2 Nd4 32. Nxd4 cxd4 33. Rxd4 f3 34.
Rf2 Re8 35. Rd1 Re3 36. Rdf1 Rf6 37. Rb1 Rg6 38. Rbf1 Rf6 39. Rb1 Rf4 40. Kg1
Rg4+ 0-1

[Event "Bundesliga 9798"]
[Site "Deutschland"]
[Date "1998.??.??"]
[Round "?.6"]
[White "Pirrot, Dieter"]
[Black "Bischoff, Klaus"]
[Result "1/2-1/2"]
[WhiteElo "2410"]
[BlackElo "2535"]
[PlyCount "87"]
[EventDate "1997.10.??"]
[EventType "team"]
[EventRounds "15"]
[EventCountry "GER"]
[SourceTitle "Bundesliga 9798"]
[Source "DeepChess"]
[SourceDate "2005.01.01"]
[SourceVersion "1"]
[SourceVersionDate "2005.01.01"]
[SourceQuality "1"]
[WhiteTeam "PSV Turm Duisburg 1920 e.V."]
[BlackTeam "SG 1868 Aljech. Solingen"]
[WhiteTeamCountry "GER"]
[BlackTeamCountry "GER"]

1. e4 e6 2. d4 d5 3. e5 c5 4. c3 Ne7 5. Nf3 Nec6 6. a3 c4 7. Nbd2 Na5 8. b3
cxb3 9. Nxb3 Nxb3 10. Qxb3 Nc6 11. Bb5 Bd7 12. a4 Na5 13. Bxd7+ Qxd7 14. Qb5 b6
15. Ba3 Rc8 16. Bxf8 Rxf8 17. Qd3 Qc6 18. O-O Rh8 19. Ra3 Rc7 20. Nh4 Qd7 21.
Qg3 g6 22. f4 Qe7 23. Ra2 Kd7 24. Rf3 Rhc8 25. Qe1 h5 26. h3 Kc6 27. Kh2 Kb7
28. Rd3 Rc4 29. Nf3 R8c7 30. Qa1 Qe8 31. Ra3 R4c6 32. Qe1 Qf8 33. Qa1 Qe7 34.
Ra2 Rc8 35. Ra3 Rc4 36. Ra2 h4 37. Nd2 R4c7 38. Nf3 Ka8 39. Qe1 Rh8 40. Qf2 Nc4
41. Kh1 Rb7 42. Rd1 a6 43. Rb1 Ka7 44. Qe1 1/2-1/2

[Event "Bundesliga 9798"]
[Site "Deutschland"]
[Date "1998.??.??"]
[Round "?.7"]
[White "Reeh, Oliver"]
[Black "Prang, Edgar"]
[Result "1/2-1/2"]
[WhiteElo "2425"]
[BlackElo "2325"]
[PlyCount "46"]
[EventDate "1997.10.??"]
[EventType "team"]
[EventRounds "15"]
[EventCountry "GER"]
[SourceTitle "Bundesliga 9798"]
[Source "DeepChess"]
[SourceDate "2005.01.01"]
[SourceVersion "1"]
[SourceVersionDate "2005.01.01"]
[SourceQuality "1"]
[WhiteTeam "SG 1868 Aljech. Solingen"]
[BlackTeam "PSV Turm Duisburg 1920 e.V."]
[WhiteTeamCountry "GER"]
[BlackTeamCountry "GER"]

1. e4 e6 2. d4 d5 3. Nc3 Bb4 4. e5 c5 5. a3 Ba5 6. dxc5 Bxc3+ 7. bxc3 Qc7 8.
Nf3 Ne7 9. Bd3 Nd7 10. O-O Nxc5 11. a4 Bd7 12. Ba3 h6 13. Nd4 O-O 14. Nb5 Bxb5
15. axb5 Rfc8 16. Bxc5 Qxc5 17. Qh5 Qxc3 18. Rae1 Rf8 19. Re3 Qc5 20. Rg3 Kh8
21. Rf3 Kg8 22. Rg3 Kh8 23. Rf3 Kg8 1/2-1/2

[Event "Bundesliga 9798"]
[Site "Deutschland"]
[Date "1998.??.??"]
[Round "?.8"]
[White "Schmitz, Joachim"]
[Black "Schaefer, Markus"]
[Result "1/2-1/2"]
[WhiteElo "2310"]
[BlackElo "2420"]
[PlyCount "33"]
[EventDate "1997.10.??"]
[EventType "team"]
[EventRounds "15"]
[EventCountry "GER"]
[SourceTitle "Bundesliga 9798"]
[Source "DeepChess"]
[SourceDate "2005.01.01"]
[SourceVersion "1"]
[SourceVersionDate "2005.01.01"]
[SourceQuality "1"]
[WhiteTeam "PSV Turm Duisburg 1920 e.V."]
[BlackTeam "SG 1868 Aljech. Solingen"]
[WhiteTeamCountry "GER"]
[BlackTeamCountry "GER"]

1. Nf3 Nf6 2. c4 c6 3. g3 d5 4. b3 Bg4 5. Bg2 Nbd7 6. Bb2 e6 7. O-O Bd6 8. d4
O-O 9. Nbd2 h6 10. Re1 Bf5 11. Nh4 Bh7 12. e4 dxe4 13. Nxe4 Bxe4 14. Bxe4 Bb4
15. Re3 Nxe4 16. Rxe4 Be7 17. Ng2 1/2-1/2

[Event "Bundesliga 9798"]
[Site "Deutschland"]
[Date "1997.??.??"]
[Round "?.1"]
[White "Georgiev, Kiril"]
[Black "Sax, Gyula"]
[Result "1-0"]
[WhiteElo "2670"]
[BlackElo "2570"]
[PlyCount "79"]
[EventDate "1997.10.??"]
[EventType "team"]
[EventRounds "15"]
[EventCountry "GER"]
[SourceTitle "Bundesliga 9798"]
[Source "DeepChess"]
[SourceDate "2005.01.01"]
[SourceVersion "1"]
[SourceVersionDate "2005.01.01"]
[SourceQuality "1"]
[WhiteTeam "SG Bochum 31"]
[BlackTeam "PSV Turm Duisburg 1920 e.V."]
[WhiteTeamCountry "GER"]
[BlackTeamCountry "GER"]

1. d4 Nf6 2. c4 e6 3. Nc3 Bb4 4. Qc2 d5 5. a3 Bxc3+ 6. Qxc3 Ne4 7. Qc2 e5 8.
cxd5 Qxd5 9. e3 exd4 10. Nf3 Qc6 11. Nxd4 Qxc2 12. Nxc2 Nc6 13. b4 Be6 14. Bb2
O-O 15. Rc1 Nd6 16. Nd4 Nxd4 17. Bxd4 Rfc8 18. Be2 Bd7 19. Bf3 a5 20. Bc5 axb4
21. Bxb4 Bb5 22. h4 h6 23. h5 Rab8 24. Rh4 Ne8 25. Be7 c6 26. a4 Ba6 27. Rd4
Nc7 28. Bg4 Re8 29. Bd6 Rbd8 30. Rcd1 Ne6 31. Re4 b6 32. Bxe6 fxe6 33. Red4 Rd7
34. Be5 Rd5 35. f4 b5 36. e4 Rxd4 37. Rxd4 Re7 38. a5 Kf7 39. Rd8 b4 40. Bd6
1-0